<?xml version="1.0" encoding="UTF-8"?>
<record
    xmlns:xsi="http://www.w3.org/2001/XMLSchema-instance"
    xsi:schemaLocation="http://www.loc.gov/MARC21/slim http://www.loc.gov/standards/marcxml/schema/MARC21slim.xsd"
    xmlns="http://www.loc.gov/MARC21/slim">

  <leader>00981nam0a2200265   4500</leader>
  <controlfield tag="001">RU\NLR\BIBL_A\011278876</controlfield>
  <controlfield tag="005">20250626035521.0</controlfield>
  <datafield tag="010" ind1=" " ind2=" ">
    <subfield code="a">978-5-9907584-8-3</subfield>
    <subfield code="9">500</subfield>
  </datafield>
  <datafield tag="021" ind1=" " ind2=" ">
    <subfield code="a">RU</subfield>
    <subfield code="b">2016-74082</subfield>
    <subfield code="9">4800</subfield>
  </datafield>
  <datafield tag="035" ind1=" " ind2=" ">
    <subfield code="a">(NLR Aleph) 011278876</subfield>
  </datafield>
  <datafield tag="090" ind1=" " ind2=" ">
    <subfield code="a">10863088</subfield>
    <subfield code="c">10863088</subfield>
  </datafield>
  <datafield tag="100" ind1=" " ind2=" ">
    <subfield code="a">20161128d2015    |||y0rusy50      ca</subfield>
  </datafield>
  <datafield tag="101" ind1="0" ind2=" ">
    <subfield code="a">crh</subfield>
  </datafield>
  <datafield tag="102" ind1=" " ind2=" ">
    <subfield code="a">RU</subfield>
  </datafield>
  <datafield tag="105" ind1=" " ind2=" ">
    <subfield code="a">a   z   000 y</subfield>
  </datafield>
  <datafield tag="200" ind1="1" ind2=" ">
    <subfield code="a">&#x411;&#x435;&#x43A;&#x43B;&#x435; &#x43C;&#x435;&#x43D;&#x438;, &#x434;&#x435;&#x43D;&#x44A;&#x438;&#x437;!</subfield>
    <subfield code="e">&#x431;&#x435;&#x434;&#x438;&#x438;&#x439; &#x432;&#x435; &#x43F;&#x443;&#x431;&#x43B;&#x438;&#x446;&#x438;&#x441;&#x442;. &#x438;&#x43A;&#x44F;&#x435;&#x43B;&#x435;&#x440;</subfield>
    <subfield code="f">&#x410;&#x431;&#x43B;&#x430;&#x435;&#x432; &#x411;&#x435;&#x43A;&#x438;&#x440;</subfield>
  </datafield>
  <datafield tag="210" ind1=" " ind2=" ">
    <subfield code="a">&#x421;&#x438;&#x43C;&#x444;&#x435;&#x440;&#x43E;&#x43F;&#x43E;&#x43B;&#x44C;</subfield>
    <subfield code="c">&#x418;. &#x413;&#x430;&#x441;&#x43F;&#x440;&#x438;&#x43D;&#x441;&#x43A;&#x438;&#x439; &#x430;&#x434;&#x44B;&#x43D;&#x430; &#x43C;&#x435;&#x434;&#x438;&#x430;&#x43C;&#x435;&#x440;&#x43A;&#x435;&#x437;</subfield>
    <subfield code="d">2015</subfield>
  </datafield>
  <datafield tag="215" ind1=" " ind2=" ">
    <subfield code="a">127 &#x441;.</subfield>
    <subfield code="c">&#x43F;&#x43E;&#x440;&#x442;&#x440;., &#x438;&#x43B;.</subfield>
    <subfield code="d">20</subfield>
  </datafield>
  <datafield tag="541" ind1="1" ind2=" ">
    <subfield code="a">&#x416;&#x434;&#x438; &#x43C;&#x435;&#x43D;&#x44F;, &#x43C;&#x43E;&#x440;&#x435;!</subfield>
    <subfield code="e">&#x445;&#x443;&#x434;&#x43E;&#x436;. &#x438; &#x43F;&#x443;&#x431;&#x43B;&#x438;&#x446;&#x438;&#x441;&#x442;. &#x440;&#x430;&#x441;&#x441;&#x43A;&#x430;&#x437;&#x44B;.</subfield>
    <subfield code="z">rus</subfield>
  </datafield>
  <datafield tag="686" ind1="1" ind2=" ">
    <subfield code="a">&#x428;6(2=&#x41A;.-&#x442;&#x430;&#x442;)7-4</subfield>
  </datafield>
  <datafield tag="700" ind1=" " ind2="1">
    <subfield code="a">&#x410;&#x431;&#x43B;&#x430;&#x435;&#x432;&#x430;</subfield>
    <subfield code="b">&#x411;.</subfield>
    <subfield code="g">&#x411;&#x435;&#x43A;&#x438;&#x440;</subfield>
    <subfield code="4">070</subfield>
  </datafield>
  <datafield tag="852" ind1=" " ind2=" ">
    <subfield code="a">NLR</subfield>
    <subfield code="b">&#x41E;&#x41D;&#x41B;</subfield>
    <subfield code="j">&#x41A;.-&#x442;&#x430;&#x442;./2-1175</subfield>
  </datafield>
  <datafield tag="942" ind1=" " ind2=" ">
    <subfield code="c">BOOK</subfield>
  </datafield>
  <datafield tag="980" ind1=" " ind2=" ">
    <subfield code="a">NB</subfield>
  </datafield>
  <datafield tag="995" ind1=" " ind2=" ">
    <subfield code="5">2016-11-28</subfield>
    <subfield code="a">ad</subfield>
    <subfield code="b">NLR01</subfield>
    <subfield code="c">NLR01</subfield>
    <subfield code="e">ONL</subfield>
    <subfield code="f">1-1433982</subfield>
    <subfield code="k">&#x41E;&#x41D;&#x41B; &#x41A;.-&#x442;&#x430;&#x442;./2-1175</subfield>
    <subfield code="o">4</subfield>
    <subfield code="r">BOOK</subfield>
    <subfield code="s">_21175</subfield>
  </datafield>
</record>
